Derecho de Seguros. Selección de coberturas de seguros generales.

Spremljeno u:
Bibliografski detalji
Glavni autor: Barroilhet Acevedo, Claudio (autor)
Daljnji autori: Carvallo Pardo, Manuel (autor)
Format: Knjiga
Izdano: Valencia, España: tirant lo blanch, 2023.
Serija:Esfera.Todo el Derecho.
Teme:
Oznake: Dodaj oznaku
Bez oznaka, Budi prvi tko označuje ovaj zapis!

MARC

LEADER 00000nam a22000007a 4500
003 CL-VaPUC
005 20250225093230.0
008 231128t2023 ||||| |||| 00| 0 eng d
999 |c 442624  |d 442622 
020 |a 978-84-1169-226-7 
040 |c Pontificia Universidad Católica de Valparaíso 
082 0 4 |2 21  |a 346.086 BAR 2023 
100 |a Barroilhet Acevedo, Claudio  |e autor  |9 474796 
245 1 0 |a Derecho de Seguros.  |b Selección de coberturas de seguros generales. 
260 |a Valencia, España:  |b tirant lo blanch,  |c 2023. 
300 |a 510 páginas. 
490 0 |a Esfera.Todo el Derecho. 
500 |a c.1.Donación autor. Memo DER 047. 24-11-2023 c2. Donación Sr. Eduardo Aldunate L. MEMO DER Nº24 / 10-5-2024. 
583 |c 20231128  |k Catalogador Asistente 
650 1 |a Derecho de seguros  |9 880027 
650 1 |a Cobertura de seguros  |9 886416 
650 1 |a Póliza de seguros  |9 370073 
650 1 |a Seguro de incendio  |9 392730 
650 1 0 |a Seguro de vehiculos  |9 665532 
650 1 |a Seguro de responsabilidad civil  |9 461206 
650 1 |a Seguro de todo riesgo construcción  |9 886417 
700 |a Carvallo Pardo, Manuel  |9 822537  |e autor 
942 |2 ddc  |c BK 
952 |0 0  |1 0  |2 ddc  |4 0  |5 1  |6 346_086000000000000_BAR_2023  |7 1  |9 592689  |a FDOBRV  |b BIBDER  |d 2023-11-28  |e Donación  |i 5659661  |o 346.086 BAR 2023  |p 5659661  |r 2023-11-28  |t 1  |w 2023-11-28  |y BK_X  |k BRV 
952 |0 0  |1 0  |2 ddc  |4 0  |6 346_086000000000000_BAR_2023  |7 0  |8 A  |9 594551  |a BIBDER  |b BIBDER  |d 2024-05-13  |e Donación   |i 5661355  |l 4  |m 1  |o 346.086 BAR 2023  |p 5661355  |r 2025-04-01  |s 2025-04-01  |t 2  |w 2024-05-13  |y BK  |k DER